Stopnie harcerzy - Statystyki

Ogólne statystyki
  • Ten quiz został rozwiązany 16 razy
  • Średni wynik to 4 z 5
Statystyki odpowiedzi
Kolejność stopnia od dołu Odpowiedź % Poprawnych
3 Ćwik
87%
4 Harcerz Orli
87%
5 Harcerz Rzeczypospolitej
87%
1 Młodzik
80%
2 Wywiadowca
60%
Nie znaleziono quizów pasujących do podanych kryteriów
Rozkład punktacji
Procent ludzi z każdym wynikiem
Percentyl według liczby udzielonych odpowiedzi
Twoja historia wyników
Nie rozwiązałeś tego quizu